LEADER 01171cam2 22002891 450 001 SOBE00039757 005 20140131084839.0 100 $a20140131d1969 |||||ita|0103 ba 101 $aita 102 $aIT 200 1 $a<<1: >>Dai concetti agli indici empirici 210 $aBologna$cIl Mulino$d1969 215 $a395$cill.$d21 cm 225 2 $aCollezioni di testi e di studi$eScienze Sociali 410 1$1001LAEC00024360$12001 $a*Collezioni di testi e di studi : Scienze Sociali 461 1$1001E600200033017$12001 $a<>analisi empirica nelle scienze sociali. Vol. I : Dai concetti agli indici empirici. Vol. II : L'analisi empirica della causalità / cur. Raymond Boudon ; Paul F. Lazarsfeld 702 1$aBoudon, Raymond$3A600200027104$4070 702 1$aLazarsfeld, Paul F.$3A600200045723$4070 801 0$aIT$bUNISOB$c20140131$gRICA 850 $aUNISOB 852 $aUNISOB$j300$m15483 912 $aSOBE00039757 940 $aM 102 Monografia moderna SBN 941 $aM 957 $a300$b000031$i-1$gSI$d15483$1rovito$2UNISOB$3UNISOB$420140131084252.0$520140131084327.0$6rovito 996 $aDai concetti agli indici empirici$9204768 997 $aUNISOB